Εισαγωγή στη φιλοσοφία

Αποθηκεύτηκε σε:
Λεπτομέρειες βιβλιογραφικής εγγραφής
Κύριος συγγραφέας: Λαμπρίδη, Έλλη, 1898-1970
Άλλοι συγγραφείς: Μπενάκης, Λίνος Γ., 1928- (Επιμελητής έκδοσης), Δεσποτόπουλος, Κωνσταντίνος Ι., 1913-2016 (Συγγραφέας εισαγωγής κ.λπ.)
Μορφή: Βιβλίο
Γλώσσα:Greek
Δημοσίευση: Αθήνα : Ακαδημία Αθηνών - Φιλοσοφική Βιβλιοθήκη Έλλης Λαμπρίδη, 2004.
Θέματα:
Ετικέτες: Προσθήκη ετικέτας
Δεν υπάρχουν, Καταχωρήστε ετικέτα πρώτοι!

MARC

LEADER 00000cam a2200000 i 4500
001 1/57172
008 071008s2004 gr | ||| |||| ||gre||
020 |a 9604040480 
035 |l 10091272 
040 |a GR-MY-UA  |b gre  |e aacr 
041 0 |a gre 
082 7 |a 101   |2 (22) 
100 1 |a Λαμπρίδη, Έλλη,   |d 1898-1970. 
245 1 0 |a Εισαγωγή στη φιλοσοφία /   |c Έλλη Λαμπρίδη ; επίμετρο: εργογραφία Έλλης Λαμπρίδη ; πρόλογος: Κωνσταντίνος Ι. Δεσποτόπουλος ; επιμέλεια και επίμετρο: Λίνος Γ. Μπενάκης.  
260 |a Αθήνα :   |b Ακαδημία Αθηνών - Φιλοσοφική Βιβλιοθήκη Έλλης Λαμπρίδη,   |c 2004.  
300 |a 373 σ. ;   |c 24 εκ.  
500 |a Νέα έκδοση συμπληρωμένη με το ανέκδοτο Β' μέρος.  
504 |a Περιλαμβάνει ευρετήριο και εργογραφία της Έλλης Λαμπρίδη.  
650 0 0 |a Philosophy  |x Introductions. 
700 1 |a Μπενάκης, Λίνος Γ.,   |d 1928-  |e edt 
700 1 |a Δεσποτόπουλος, Κωνσταντίνος Ι.,   |d 1913-2016,  |e aui 
852 |a INST  |b RHODES  |e 20071008  |h 101 ΛΑΜ  |p 005400025625  |q 005400025625  |t BK  |y 0 
901 |a BIBL4-2007-3 
909 |a Ρ  |b 136043 
922 |a 4ΕΛΗ  |b 200707  |c ΕΠΕΑΕΚ2/ΤΕΠΑΕΣ  |d Σ. ΠΑΤΑΚΗΣ 
970 |a ΚΟΖΑ  |b ΜΑΡΙΑ  |z 2007/10/08